Statistics for All Animal Crossing: New Horizons Critters

Click here to take the quiz!

General Stats

  • This quiz has been taken 25 times
    (22 since last reset)
  • The average score is 78 of 200

Answer Stats

Critterpedia NumberBugs% Correct
8Monarch Butterfly
100%
79Tarantula
100%
22Black Bass
83%
74Flea
83%
74Great White Shark
83%
70Hermit Crab
83%
32King Salmon
83%
22Mantis
83%
31Salmon
83%
59Sea Bass
83%
25Wasp
83%
2Yellow Butterfly
83%
56Anchovy
67%
58Barred Knifejaw
67%
27Cherry Salmon
67%
31Cicada Shell
67%
1Common Butterfly
67%
9Emperor Butterfly
67%
72Fly
67%
60Golden Stag
67%
73Hammerhead Shark
67%
24Honeybee
67%
57Horse Mackerel
67%
34Lobster
67%
13Moth
67%
70Ocean Sunfish
67%
20Octopus
67%
23Orchid Mantis
67%
6Paper Kite Butterfly
67%
4Peacock Butterfly
67%
14Scallop
67%
80Scorpion
67%
8Sea Anenome
67%
47Sea Butterfly
67%
48Seahorse
67%
44Tiger Beetle
67%
66Tuna
67%
75Whale Shark
67%
28Acorn Barnacle
50%
10Agrias Butterfly
50%
69Ant
50%
14Atlas Moth
50%
34Banded Dragonfly
50%
79Barreleye
50%
1Bitterling
50%
67Blue Marlin
50%
26Brown Cicada
50%
5Carp
50%
77Centipede
50%
80Coelacanth
50%
3Crucian Carp
50%
59Cyclommatus Stag
50%
35Damselfly
50%
33Darner Dragonfly
50%
50Dung Beetle
50%
30Evening Cicada
50%
77Football Fish
50%
15Frog
50%
24Gazami Crab
50%
28Giant Cicada
50%
7Goldfish
50%
34Guppy
50%
43Ladybug
50%
32Mantis Shrimp
50%
56Miyama Stag
50%
9Moon Jellyfish
50%
12Mussel
50%
78Oarfish
50%
13Oyster
50%
11Pearl Oyster
50%
76Pill Bug
50%
58Rainbow Stag
50%
11Rajah Brooke's Birdwing
50%
32Red Dragonfly
50%
60Red Snapper
50%
65Ribbon Eel
50%
3Sea Cucumber
50%
2Sea Grapes
50%
1Seaweed
50%
75Snail
50%
13Snapping Turtle
50%
26Snow Crab
50%
12Soft-shelled Turtle
50%
78Spider
50%
29Spider Crab
50%
63Squid
50%
41Stinkbug
50%
46Sturgeon
50%
71Wharf Roach
50%
53Zebra Turkeyfish
50%
36Angelfish
33%
68Bagworm
33%
21Bell Cricket
33%
51Butterfly Fish
33%
18Catfish
33%
11Crawfish
33%
20Cricket
33%
61Dab
33%
4Dace
33%
39Diving Beetle
33%
42Dorado
33%
25Dungeness Crab
33%
57Giant Stag
33%
40Giant Water Bug
33%
18Gigas Giant Clam
33%
61Giraffe Stag
33%
29Golden Trout
33%
54Goliath Beetle
33%
19Grasshopper
33%
62Horned Dynastid
33%
64Horned Elephant
33%
6Koi
33%
16Long Locust
33%
42Man-faced Stink Bug
33%
33Mitten Crab
33%
64Moray Eel
33%
73Mosquito
33%
62Olive Flounder
33%
2Pale Chub
33%
38Pondskater
33%
8Pop-eyed Goldfish
33%
12Queen Alexandra's Birdwing
33%
9Ranchu Goldfish
33%
27Red King Crab
33%
18Rice Grasshopper
33%
27Robust Cicada
33%
48Rosalia Batesi Beetle
33%
55Saw Stag
33%
4Sea Pig
33%
5Sea Star
33%
6Sea Urchin
33%
30Stringfish
33%
76Suckerfish
33%
50Surgeonfish
33%
14Tadpole
33%
3Tiger Butterfly
33%
21Umbrella Octopus
33%
29Walker Cicada
33%
15Whelk
33%
21Yellow Perch
33%
17Abalone
17%
41Arowana
17%
37Betta
17%
54Blowfish
17%
20Bluegill
17%
28Char
17%
47Citrus Long-horned Beetle
17%
49Clownfish
17%
5Common Bluebottle
17%
53Drone Beetle
17%
51Earth-boring Dung Beetle
17%
36Firefly
17%
16Freshwater Goby
17%
43Gar
17%
68Giant Trevally
17%
7Great Purple Emperor
17%
63Horned Atlas
17%
65Horned Hercules
17%
45Jewel Beetle
17%
17Loach
17%
69Mahi-mahi
17%
17Migratory Locust
17%
37Mole Cricket
17%
52Napoleonfish
17%
38Neon Tetra
17%
35Nibble Fish
17%
40Piranha
17%
25Pond Smelt
17%
55Puffer Fish
17%
39Rainbow Fish
17%
71Ray
17%
45Saddled Bichir
17%
72Saw Shark
17%
10Sea Slug
17%
7Slate Pencil Urchin
17%
38Spotted Garden Eel
17%
26Sweetfish
17%
31Sweet Shrimp
17%
16Turban Shell
17%
22Vampire Squid
17%
40Venus' Flower Basket
17%
46Violin Beetle
17%
67Walking Leaf
17%
66Walking Stick
17%
44Arapaima
0%
49Blue Weevil Beetle
0%
19Chambered Nautilus
0%
23Firefly Squid
0%
39Flatworm
0%
35Giant Isopod
0%
19Giant Snake Head
0%
36Horseshoe Crab
0%
10Killifish
0%
15Madagascan Sunset Moth
0%
24Pike
0%
52Scarab Beetle
0%
37Sea Pineapple
0%
33Spiny Lobster
0%
30Tiger Prawn
0%
23Tilapia
0%

Score Distribution

Percentile by Number Answered

Percent of People with Each Score

Your Score History

You have not taken this quiz since the last reset